000 00659nam a2200229 a 4500
008
020 _a0442317786 (pbk)
049 _aMAIN
090 _aTK7881.15
_bBRA
100 1 _aBradley, D.A.
245 1 0 _aPower electronics /
_cD.A. Bradley.
260 _aWokingham :
_bVan Nostrand Reinhold,
_c1987.
300 _aviii, 166 p. :
_bill. ;
_c25 cm.
490 1 _aTutorial guides in electronic engineering ;
_v11.
500 _aIncludes index.
650 0 _aElectronics.
907 _a.b10068314
_b13-02-13
_c17-04-03
003
005 20230123133243.0
040 _cNUST
942 _cBOOKS
_kTK7881.15
_mBRA
999 _c145410
_d145410